Представление документа в формате MARC21

ПолеНазваниеЗначение
  Тип записи a
  Библиографический уровень m
001 Контрольный номер RU\infra-m\znanium\bibl\2218831
005 Дата корректировки 20260429142255.7
008 Кодируемые данные 260306s2025 RU g rus u
020 Индекс ISBN __
a ISBN 978-5-16-018687-0
020 Индекс ISBN __
a ISBN 978-5-16-104313-4 (электр. издание)
040 Источник каталогиз. __
a Служба первич. каталог. Общество с ограниченной ответственностью «ЗНАНИУМ»
041 Код языка издания __
a Код языка текста rus
044 Код страны публикации __
a Код страны публикации RU
080 Индекс УДК __
a Индекс УДК 797.2(075.8)
084 Индекс другой классификации/Индекс ББК __
2 Источник индекса rubbk
a Индекс другой классификации/Индекс ББК 75.717.5я73
084 Индекс другой классификации/Индекс ББК __
2 Источник индекса okso
a Индекс другой классификации/Индекс ББК 44.03.01
084 Индекс другой классификации/Индекс ББК __
2 Источник индекса okso
a Индекс другой классификации/Индекс ББК 44.04.01
084 Индекс другой классификации/Индекс ББК __
2 Источник индекса okso
a Индекс другой классификации/Индекс ББК 49.03.01
084 Индекс другой классификации/Индекс ББК __
2 Источник индекса okso
a Индекс другой классификации/Индекс ББК 49.03.02
084 Индекс другой классификации/Индекс ББК __
2 Источник индекса okso
a Индекс другой классификации/Индекс ББК 49.04.01
084 Индекс другой классификации/Индекс ББК __
2 Источник индекса okso
a Индекс другой классификации/Индекс ББК 49.04.02
100 Автор __
a Автор Булгакова Н.Ж.
q Полное имя Булгакова Нина Жановна
u Дополнение Российский университет спорта «ГЦОЛИФК»
245 Заглавие __
a Заглавие Плавание
b Продолж. заглавия Учебник
c Ответственность Российский университет спорта «ГЦОЛИФК»
250 Сведения об издании __
a Основные сведения об издании 1
260 Выходные данные __
a Место издания Москва
b Издательство ООО "Научно-издательский центр ИНФРА-М"
c Дата издания 2026
300 Физическое описание __
a Объем 290 с.
440 Серия __
a Серия Высшее образование
520 Аннотация __
a Аннотация Учебник подготовлен авторским коллективом кафедры теории и методики спортивного и синхронного плавания аквааэробики прыжков в воду и водного поло Российского государственного университета физической культуры спорта молодежи и туризма. При подготовке издания использован обширный научный и методический опыт работы кафедр плавания институтов физической культуры и факультетов физического воспитания педагогических образовательных организаций высшего образования отраженный в учебниках учебных пособиях и статьях а также практический опыт передовых тренеров — преподавателей по плаванию. Соответствует требованиям Федерального государственного образовательного стандарта высшего образования последнего поколения. Рекомендован Экспертно-методическим советом Института спорта и физического воспитания Российского государственного университета физической культуры спорта молодежи и туризма (ГЦОЛИФК). Для студентов обучающихся по дисциплине «Плавание» по направлению подготовки 49.03.01 «Физическая культура» (профиль подготовки — «Спортивная подготовка»).
521 Примеч. о цел. назн. __
a Примеч. о целев. назн. ВО - Бакалавриат
650 Тематические рубрики __
a Основная рубрика Спорт. Самооборона. Физкультура
x Основная подрубрика Водные виды спорта
655 Указ. предметных рубрик (устаревшее) __
a Жанр/ форма (устаревшее) Учебник
700 Другие авторы __
a Другие авторы Морозов С.Н.
q Полное имя Морозов Сергей Николаевич
u Дополнение Российский университет спорта «ГЦОЛИФК»
700 Другие авторы __
a Другие авторы Попов О.И.
q Полное имя Попов Олег Игоревич
u Дополнение Российский университет спорта «ГЦОЛИФК»
700 Другие авторы __
a Другие авторы Павлова Т.Н.
q Полное имя Павлова Татьяна Николаевна
u Дополнение Российский университет спорта «ГЦОЛИФК»
700 Другие авторы __
a Другие авторы Никитина С.М.
q Полное имя Никитина Светлана Михайловна
u Дополнение Российский университет спорта «ГЦОЛИФК»
700 Другие авторы __
a Другие авторы Булгакова Н.Ж.
q Полное имя Булгакова Нина Жановна
u Дополнение Российский университет спорта «ГЦОЛИФК»
856 Электронный адрес документа 4_
a Имя сервера/домена znanium.ru
m Помощь ebs_support@infra-m.ru
n Местонахождение сервера НИЦ ИНФРА-М
u URL https://znanium.ru/catalog/document?id=467401
856 Электронный адрес документа 48
a Имя сервера/домена znanium.ru
d Путь /cover/2218
f Электронное имя 2218831.jpg
q Тип электронного формата image/jpeg
u URL https://znanium.ru/cover/2218/2218831.jpg
911 __
u 0030=https://znanium.ru/catalog/document?id=467401